L'amore in provincia /

Salvato in:
Dettagli Bibliografici
Altri autori: Costanzo, Maurizio
Natura: Libro
Lingua:italiano
Pubblicazione: Milano : Sugar, stampa 1973
Serie:Fatti e misfatti ; 5
Soggetti:
Tags: Aggiungi Tag
Nessun Tag, puoi essere il primo ad aggiungerne!!

MARC

LEADER 00000nam a22000007i 4500
001 IT\ICCU\SBL\0446559
003 ItRI
005 20260115232409.0
008 910930s1973 it |||||| ||||| |||||c
015 |2 IT  |a 737645 
040 |b ita  |c importazione bologna sebina 
041 7 |a ita  |2 ISO-639-2 
082 |a 301.41  |9 SESSO  |2 17 
082 |a 301.41  |9 SESSO  |2 18 
245 0 2 |a L'amore in provincia /  |c [a cura di] Maurizio Costanzo. 
260 |a Milano :  |b Sugar,  |c stampa 1973 
300 |a 158 p. ;  |c 21 cm 
500 |a In copertina tit. compl.: Confessioni al microfono. 
650 7 |a Italiani  |x Comportamento sessuale  |x Inchieste 
700 1 |a Costanzo, Maurizio  |0 IT\ICCU\CFIV\010087 
830 0 |a Fatti e misfatti ;  |v 5  |0 IT\ICCU\UMC\0997194 
942 |2 ddc  |c BK  |n 0 
952 |0 0  |1 0  |4 0  |6 DOC_306_709000000000000_COS  |7 0  |9 25399  |a BO  |b BO  |d 2026-01-15  |i 1476  |l 0  |o DOC 306.709 COS  |p BO1476  |r 2026-01-15 23:24:09  |w 2026-01-15  |x [Sebina 7] [1 v.]  |y BK  |z 1 v. 
999 |c 21570  |d 21570